Spev o mne

Podrobná bibliografia
Hlavní autori: Kuniak, Juraj, 1955- (Autor, Prekladateľ), Whitman, Walt, 1819-1892 (Autor)
Médium: Článok
Jazyk:slovenčina

MARC

LEADER 00000nab a2200000uu 4500
001 vtls011457735
003 SK-MaSNL
005 20260303164952.0
008 230313|2013 xo |||||||||||||||||slo|
015 |a SNBRB 
035 |a (urnnbn)urn:nbn:sk:snk:ar-a0a2gh 
035 |a (uuid)340631f7-b198-4e29-9ec5-46f2649714da 
035 |a urn:nbn:sk:snk-abcs9a 
040 |a SNKBUCL  |b slo  |c SNKBUCL  |e AACR2 
041 0 |a slo 
044 |a xo  |c SK 
100 1 |a Kuniak, Juraj,  |d 1955-  |4 aut  |9 93224 
245 1 0 |a Spev o mne  |c Walt Whitman, Juraj Kuniak, Juraj Kuniak 
700 1 |a Whitman, Walt,  |d 1819-1892  |4 aut  |9 107381 
700 1 |a Kuniak, Juraj,  |d 1955-  |4 trl  |9 93224 
773 0 |t Romboid  |g Roč. 48, č. 10 (2013), s. 32-38 
958 |a OND 
958 |a EUIPO 
958 |a article16 
999 |c 2068949  |d 2070879